Albums de Jul. - Statistiques

Statistiques générales
  • Ce quiz a été pris 1 382 fois
    1 346 depuis la dernière actualisation
  • Le résultat moyen est 10 sur 23
Statistiques - réponses
Année Album % Correct
2014 Dans ma paranoïa
73%
2016 My world
72%
2016 Album gratuit
66%
2016 L'ovni
61%
2019 Rien 100 rien
59%
2020 La machine
48%
2019 C'est pas des LOL
47%
2016 Émotions
47%
2018 La zone en personne
45%
2020 Loin du monde
40%
2017 La tete dans les nuages
39%
2016 Album gratuit, vol. 2
38%
2018 Inspi d'ailleurs
38%
2017 Album gratuit, vol. 3
37%
2017 Album gratuit, vol. 4
36%
2017 Je ne me vois pas briller
36%
2015 Je tourne en rond
36%
2019 Album gratuit, vol. 5
35%
2014 Je trouve pas le sommeil
35%
2015 Jul
35%
2021 Album gratuit, vol. 6
33%
2020 Demain ça ira
30%
2014 Lacrizeomic
30%
Aucun quiz correspondant
Distribution des résultats
% des personnes avec chaque résultat
Percentile par nombre de réponses
Votre historique - résultats
Vous n’avez pas pris ce quiz depuis la dernière actualisation